| 000 | 00667nas a2200241 4500 | ||
|---|---|---|---|
| 001 | BR2013003361 | ||
| 003 | BR-BrBNA | ||
| 005 | 20231205122236.0 | ||
| 007 | ta | ||
| 008 | 230509b bl.|||p| |||| 00| 00por d | ||
| 040 |
_aBR-BrBNA _bpor _cBiblioteca Nacional de Agricultura |
||
| 041 | _a(Pt) | ||
| 072 | _aQ04 | ||
| 100 | 1 | _aQuadri, M.G.N. | |
| 245 | 1 | _aInulina, um composto funcional | |
| 650 | _aALHO | ||
| 650 | _aNUTRIENTE | ||
| 650 | _aPOLISSACARÍDEO | ||
| 650 | _aALIMENTO VEGETAL | ||
| 773 | 0 |
_tNosso Alho (Brazil) _xISSN 2177-2959 _g(Sep 2011), (no. 12) p. 37-41 _wBR2013003361 |
|
| 909 |
_a202311 _bLúcia _c55 _dLúcia Elande |
||
| 942 |
_2AGRIS _n0 _cANA |
||
| 999 |
_c227643 _d227643 |
||